000 00767nam a22002417a 4500
003 UA-OsUOA
001 48370
007 ta
008 20130330b un ||||| |||| 00| 0 ukr d
100 _aМушинка М.
090 _a929
_bМ93
942 _cBK
040 _aUA-OsUOA
_bukr
_cUA-OsUOA
_dUA-OsUOA
245 _aЛицар волі: життя і політично-громадська діяльність Степана Клочурака
300 _a284 с.
955 _a4
041 _aukr
080 _a929
260 _aУжгород
_c1995
650 7 _a9 Географія. Біографії. Історія
_2UDC
999 _c428479
_d428479